|
|
|
|
| LEADER |
00000cam a2200000 7i4500 |
| 001 |
0000000659 |
| 005 |
20020306.0 |
| 020 |
0 |
0 |
|a 9679785661
|
| 090 |
0 |
0 |
|a 327.101095
|b ASI 1996
|
| 245 |
0 |
0 |
|a ASIA in the 21st century :
|b emerging thoughts & philosophy of an Asian century
|c edited by Abdul Razak Abdullah Baginda
|
| 260 |
0 |
0 |
|a Petaling Jaya, Selangor :
|b Pelanduk Pub. ,
|c 1996
|
| 300 |
|
|
|a 120 p. :
|b ill. ;
|c 23 cm.
|
| 650 |
0 |
0 |
|a Economic forecasting
|x Congresses
|
| 650 |
0 |
0 |
|a Philosophy, Oriental
|x Forecasting
|x Congresses
|
| 651 |
0 |
0 |
|a Asia
|x Social conditions
|x Forecasting
|x Congresses
|
| 651 |
0 |
0 |
|a Asia
|x Strategic aspects
|x Forecasting
|x Congresses
|
| 700 |
0 |
1 |
|a Abdul Razak Abdullah Baginda
|
| 998 |
|
|
|a JPSM
|
| 999 |
|
|
|a 0000001779
|b Monograph
|c Open Shelf
|e Default branch
|